| 000 | 00512nam a2200181Ia 4500 | ||
|---|---|---|---|
| 008 | 180921t1989 xxu||||| |||| 00| 0 eng d | ||
| 041 | _aeng | ||
| 080 |
_a659.3 _bMAC |
||
| 100 |
_aMacFarlane,, Andrew W. _eed. |
||
| 245 | _aMedia freedom and development :Comparing experiences | ||
| 260 |
_bGraduate school journalism _aOntario _c1989 |
||
| 300 | _a144p., 22 cm | ||
| 650 | _aCommunication | ||
| 700 |
_aHenderson, Robert _eed. |
||
| 942 | _cBK | ||
| 999 |
_c12848 _d12848 |
||
| 003 | LK-CoDNM | ||
| 040 |
_aLK-CoDNM _dLK-CoDNM _eLK-CoDNM |
||